Fundamentals of molecular spectroscopy / (Record no. 76989)

MARC details
000 -LEADER
fixed length control field 00736nam a22002417a 4500
005 - DATE AND TIME OF LATEST TRANSACTION
control field 20131008104313.0
010 ## - LCCN (DPL NO)
LC control number ENG-107668
020 ## - INTERNATIONAL STANDARD BOOK NUMBER
International Standard Book Number 9781259062599
Terms of availability 350.00
020 ## - INTERNATIONAL STANDARD BOOK NUMBER
International Standard Book Number 1259062597
Terms of availability 350.00
035 ## - SYSTEM CONTROL NUMBER
System control number EN-91201
037 ## - SOURCE OF ACQUISITION
Source of stock number/acquisition DBAD/PUB
082 ## - DEWEY DECIMAL CLASSIFICATION NUMBER
Classification number 543.0858
100 ## - MAIN ENTRY--PERSONAL NAME
Personal name Banwell, Colin N.
245 ## - TITLE STATEMENT
Title Fundamentals of molecular spectroscopy /
Statement of responsibility, etc by Colin N. Banwell, Elaine M. McCash
250 ## - EDITION STATEMENT
Edition statement 5th ed.
260 ## - PUBLICATION, DISTRIBUTION, ETC. (IMPRINT)
Name of publisher, distributor, etc Tata McGraw Hill
Date of publication, distribution, etc 2013
Place of publication, distribution, etc New Delhi
270 ## - ADDRESS
Address P-24, Green Park Extnsion
City New Delhi
Postal code 110016
300 ## - PHYSICAL DESCRIPTION
Extent xiv,383p.
Dimensions 24cm(pbk)
Other physical details ill.
500 ## - GENERAL NOTE
General note Includes index
650 ## - SUBJECT ADDED ENTRY--TOPICAL TERM
Topical term or geographic name as entry element Molecular spectroscopy
700 ## - ADDED ENTRY--PERSONAL NAME
Personal name McCash, Elaine M.
942 ## - ADDED ENTRY ELEMENTS (KOHA)
Source of classification or shelving scheme Dewey Decimal Classification
Item type English Books
Call number suffix BAN
Classification part 543.0858
Holdings
Withdrawn status Lost status Not for loan Collection code Home library Current library Date acquired Source of acquisition Cost, normal purchase price Full call number Barcode Copy number Cost, replacement price Koha item type
    Not For Loan Non-fiction D.B.Act.Division D.B.Act.Division 26/06/2013 DBAD / PUB 350.00 543.0858 BAN EN-91201 1 350.00 English Books

© Delhi Public Library
Hit Counter
free hit counter